000
00289nam a22001337a 4500
008
180309b xxu||||| |||| 00| 0 eng d
020
_a
0674165101
041
_a
eng
080
_a
321
100
_a
20
101
_a
SHP
245
_a
CONSERVATISM IN AMERICA
_c
Will, G.F
942
_2
udc
_c
BK
999
_c
44634
_d
44634